Softvérový prepínač s podporou STP

Salvato in:
Dettagli Bibliografici
Autori principali: Gula, Štefan, 1987- (Autore), Grellneth, Igor, 1967- (Autore)
Natura: Manoscritto Libro
Lingua:slovacco
Pubblicazione: STU v Bratislave FIIT, 2008
Soggetti:
Tags: Aggiungi Tag
Nessun Tag, puoi essere il primo ad aggiungerne!!

MARC

LEADER 00000ntm a22000003a 4500
001 stu166642
005 20150617230005.9
008 080714s2008----xo------------------slo-d
040 |a STU  |b slo 
041 0 |a slo 
044 |a xo 
100 1 |a Gula, Štefan,  |d 1987-  |4 aut  |u I100  |U FIIT Fakulta informatiky a informačných technológií  |T FIIT Ústav počítačových systémov a sietí  |X 17492  |U I100  |Y 178  |7 A000017492 
245 1 |a Softvérový prepínač s podporou STP 
260 |b STU v Bratislave FIIT,  |c 2008 
300 |a 47 s  |c príl. 
650 7 |a počítačové inžinierstvo  |2 stusub 
700 1 |a Grellneth, Igor,  |d 1967-  |4 aut  |u I100  |U FIIT Fakulta informatiky a informačných technológií  |T FIIT Ústav počítačových systémov a sietí  |X 1996  |U I100  |Y 178  |7 A000001996 
996 |c I*BAP45/08  |l II680  |s P  |a 0  |w stu166642_0001